000 00795cam a2200277 4500
001 3233128
003 ARRUPE
005 20140924164634.0
008 790910s1937 enka b 001 0 eng
010 _a 38021160
035 _a(OCoLC)ocm05356259
040 _aDLC
_cYPM
_dOCL
_dZCU
050 _aBX1735
_b.R6
082 _a272.20946
099 _a933.1
_aR742
100 1 _aRoth, Cecil,
_d1899-1970.
_911596
245 1 4 _aThe Spanish inquisition,
_cby Cecil Roth.
260 _aLondon,
_bR. Hale,
_c1937.
300 _a320 p.
_bfront., plates, ports., facsims.
_c22 cm.
504 _a"Select bibliography": p. 309-311.
650 0 _aInquisition
_zSpain.
_911597
650 0 _aJews
_zSpain.
_911598
650 0 _aJews
_xPersecutions.
_911599
942 _2lcc
_cMONOGRAPH
999 _c120942
_d120942